| 000 | 00604nam a2200205 a 4500 | ||
|---|---|---|---|
| 005 | 20260322212046.0 | ||
| 008 | data | ||
| 090 | _aDVD 398.2 H964 2010 | ||
| 100 | 1 | _aHyneman, Jamie | |
| 245 | 1 | 0 |
_aMythBusters : _bcollection 2 _cJamie Hyneman, Adam Savage & Discovery Channel (Firm). |
| 260 |
_aLouisville, CO _bGaiam _c2010 |
||
| 300 | _b3 videodiscs (600 min.) : sound, color ; 4 3/4 in. | ||
| 650 | 0 | _aScience in popular culture | |
| 650 | 0 | _aScience experiments | |
| 650 | 0 | _aPseudoscience | |
| 650 | 0 | _aUrban folklore | |
| 700 | 1 | _aSavage, Adam | |
| 710 | 2 | _aDiscovery Channel (Firm) | |
| 001 | data | ||
| 999 |
_c1075 _d1075 |
||